Doctor ʻAbdulqadīr K̲h̲ān aur Islāmī bam / (Record no. 4100)
[ view plain ]
| 000 -LEADER | |
|---|---|
| fixed length control field | 01037cam a2200337 a 4500 |
| 001 - CONTROL NUMBER | |
| control field | 6178861 |
| 003 - CONTROL NUMBER IDENTIFIER | |
| control field | Nust |
| 005 - DATE AND TIME OF LATEST TRANSACTION | |
| control field | 20171117151856.0 |
| 008 - FIXED-LENGTH DATA ELEMENTS--GENERAL INFORMATION | |
| fixed length control field | 900425m19899999pk ac 000 0burdo |
| 010 ## - LIBRARY OF CONGRESS CONTROL NUMBER | |
| LC control number | 89932439 |
| 020 ## - INTERNATIONAL STANDARD BOOK NUMBER | |
| Terms of availability | Rs125.00 |
| 035 ## - SYSTEM CONTROL NUMBER | |
| System control number | (OCoLC)ocm21520008 |
| 035 ## - SYSTEM CONTROL NUMBER | |
| System control number | (OCoLC)21520008 |
| 035 ## - SYSTEM CONTROL NUMBER | |
| System control number | (NNC)6178861 |
| 040 ## - CATALOGING SOURCE | |
| Original cataloging agency | DLC |
| Transcribing agency | DLC |
| Modifying agency | OCL |
| 043 ## - GEOGRAPHIC AREA CODE | |
| Geographic area code | a-pk--- |
| 050 00 - LIBRARY OF CONGRESS CALL NUMBER | |
| Classification number | QC792.78.P18 |
| Item number | Z34 1989 |
| 082 ## - DEWEY DECIMAL CLASSIFICATION NUMBER | |
| Classification number | 355.821 |
| Author Mark | MAL |
| 100 0# - MAIN ENTRY--PERSONAL NAME | |
| Personal name | Zahid Malik, |
| Dates associated with a name | 1937- |
| 9 (RLIN) | 6519 |
| 245 10 - TITLE STATEMENT | |
| Title | Doctor ʻAbdulqadīr K̲h̲ān aur Islāmī bam / |
| Statement of responsibility, etc. | Zāhid Malik. |
| 260 ## - PUBLICATION, DISTRIBUTION, ETC. | |
| Place of publication, distribution, etc. | Islāmābād : |
| Name of publisher, distributor, etc. | Mat̤būʻāt-i Ḥurmat, |
| Date of publication, distribution, etc. | 1998 |
| 300 ## - PHYSICAL DESCRIPTION | |
| Extent | 296p. |
| Other physical details | ill., ports. (some col.) ; |
| Dimensions | 23 cm. |
| 500 ## - GENERAL NOTE | |
| General note | In Urdu. |
| 600 10 - SUBJECT ADDED ENTRY--PERSONAL NAME | |
| Personal name | Khan, A. Q. |
| Fuller form of name | (Abdul Qadeer), |
| Dates associated with a name | 1936- |
| 9 (RLIN) | 6520 |
| 650 #0 - SUBJECT ADDED ENTRY--TOPICAL TERM | |
| Topical term or geographic name entry element | Nuclear energy |
| General subdivision | Research |
| Geographic subdivision | Pakistan. |
| 9 (RLIN) | 6521 |
| 650 #0 - SUBJECT ADDED ENTRY--TOPICAL TERM | |
| Topical term or geographic name entry element | Nuclear engineers |
| Geographic subdivision | Pakistan |
| Form subdivision | Biography. |
| 9 (RLIN) | 6522 |
| 880 ## - ALTERNATE GRAPHIC REPRESENTATION | |
| Linkage | 100-01\(3\r |
| Title | زاھد ملک |
| 880 ## - ALTERNATE GRAPHIC REPRESENTATION | |
| Linkage | 245-02\(3\r |
| Title | ڈاکٹر عبد القدیر خان اور اسلامی بم: |
| b | غوری میزائل سے چاغی تک |
| c | زاھد ملک |
| 880 ## - ALTERNATE GRAPHIC REPRESENTATION | |
| Linkage | 260-03\(3\r |
| Title | اسلام آباد: |
| b | مطبوعات حرمت، |
| c | 1998 |
| 942 ## - ADDED ENTRY ELEMENTS (KOHA) | |
| Source of classification or shelving scheme | |
| Koha item type | Book |
| 948 1# - LOCAL PROCESSING INFORMATION (OCLC); SERIES PART DESIGNATOR (RLIN) | |
| Series part designator, SPT (RLIN) | 20070510 |
| b (OCLC) | c |
| c (OCLC) | bb145 |
| d (OCLC) | OSMC |
| Withdrawn status | Lost status | Source of classification or shelving scheme | Damaged status | Not for loan | Permanent Location | Current Location | Shelving location | Date acquired | Total Checkouts | Full call number | Barcode | Date last seen | Copy number | Price effective from | Koha item type |
|---|---|---|---|---|---|---|---|---|---|---|---|---|---|---|---|
| Central Library (CL) | Central Library (CL) | Book Cart | 12/22/2016 | 925 MAL | CL2542 | 12/22/2016 | 1 | 12/22/2016 | Book |
